000 00992nim a2200325 a 4500
001 5628572
003 OSt
005 20140310182225.0
007 ssulunjlcnnnu
008 911114s1986 nyunnn f eng
010 _a 91740928
028 0 2 _a88393
_bWarner Audio Pub.
040 _aDLC
_cDLC
050 1 0 _aPZ 7
_b.C587 1987
082 _aFIC
_bC52r 1986
100 1 _aClancy, Tom,
_d1947-
_917645
245 1 0 _aRed storm rising /
_cby Tom Clancy.
260 _aNew York, N.Y. :
_bJack Ryan Enterprises Ltd.,
_cc1987.
300 _a725 p. :
_c18 cm.
500 _aAn audio presentation of the novel.
511 0 _aRead by F. Murray Abraham.
521 _aFirst Year College
_bLexile
526 _c0L to 1700L
541 _j1
650 0 _aWorld War III
_xFiction.
_917646
650 0 _aImaginary wars and battles
_xFiction.
_917647
700 1 _aAbraham, F. Murray.
_4prf
_917648
906 _a7
_bcbc
_corignew
_d2
_encip
_f19
_gy-genmusic
942 _2lcc
_cBK-FIC
_kFIC
999 _c10772
_d10772